000 00996cab a2200313 4500
001 ABS52533
008 090401t1995 xxu||||| |||| 00| 0 eng d
035 _a(Sirsi) u83592
041 _aeng
100 _aCrothers, K.
245 _aBusiness tenancies law reform in Northern Ireland
260 _c1995
350 _a0
490 _aRent Review & Lease Renewal
_v15(2) 1995, 15-17(3)
520 _aHighlights the changes that the new Business Tenancies Order bring to landlord and tenant law in N. Ireland as it amends the Business Tenancies Act 1964.
650 _aAPPROPRIATE MULTIPLER
650 _aBUSINESS TENANCIES ACT 1964
650 _aBUSINESS TENANCIES ORDER
650 _aBUSINESS TENANCIES
650 _aCOMPENSATION
650 _aIMPROVEMENTS
650 _aINTERIM RENTS
650 _aLANDS TRIBUNAL
650 _aNORTHERN IRELAND
650 _aPRIVITY OF CONTRACT
690 _aLANDLORD AND TENANT-BUSINESS TENANCIES
942 _n0
948 _c04/03/1997
999 _c52809
_d52809